000 00277nam a2200121Ia 4500
008 231129s1977||||xx |||||||||||||| ||spa||
040 _bspa
082 _aCo863 C965cu
245 0 _aCuentos Colombianos
260 _c1977
264 _aFondo Cultural Cafetero
942 _2ddc
_cBKS
999 _c8439
_d8439